[Event "SR 1. liga zapad 2010/2011"]
[Site "?"]
[Date "2011.01.09"]
[Round "5.5"]
[White "Machalova, Maria"]
[Black "Janos, Martin"]
[Result "0-1"]
[WhiteElo "2190"]
[BlackElo "2246"]
[PlyCount "106"]
[EventDate "2010.??.??"]

1. c4 e5 2. Nc3 f5 3. d3 Nf6 4. g3 Be7 5. Bg2 O-O 6. e3 d6 7. Nge2 Nc6 8. O-O
Qe8 9. Rb1 Qh5 10. b4 Ng4 11. h3 Nf6 12. Nd5 Nxd5 13. cxd5 Nb8 14. Nc3 Qg6 15.
Nb5 Bd8 16. Qc2 Na6 17. a4 f4 18. exf4 exf4 19. Bxf4 Rxf4 20. gxf4 Bxh3 21. f3
Bf5 22. Rfd1 Bf6 23. Nc3 Bd4+ 24. Kf1 Qg3 25. Ne4 Qxf4 26. Re1 Qh2 27. Nf2 Rf8
28. Qc4 Qh4 29. Rb2 Nxb4 30. Qxb4 Bxf2 31. Qxh4 Bxh4 32. Rd1 b6 33. a5 Re8 34.
Re2 Rb8 35. Rc2 bxa5 36. Rxc7 Rb3 37. Ke2 Bg5 38. f4 Bxf4 39. Kf3 g5 40. Bf1 h5
41. Ra1 Rb4 42. Rc4 Bg4+ 43. Ke4 Rb7 44. d4 Rb3 45. Bd3 Kf7 46. Rb1 Ra3 47. Rf1
Kf6 48. Rxf4+ gxf4 49. Rc6 Kg5 50. Rxd6 Bf5+ 51. Ke5 Rxd3 52. Ra6 f3 53. Rxa5
f2 0-1

[Event "SR 1. liga zapad 2010/2011"]
[Site "?"]
[Date "2011.01.09"]
[Round "5.5"]
[White "Maslik, Miroslav"]
[Black "Lipka, Juraj"]
[Result "1/2-1/2"]
[WhiteElo "2402"]
[BlackElo "2414"]
[PlyCount "36"]
[EventDate "2010.??.??"]

1. d4 d5 2. c4 c6 3. cxd5 cxd5 4. Nc3 Nf6 5. Bf4 Nc6 6. e3 a6 7. Bd3 Bg4 8.
Nge2 e6 9. O-O Be7 10. Rc1 O-O 11. Bg3 Bh5 12. f3 Bg6 13. Nf4 Bxd3 14. Nxd3 Bd6
15. Bxd6 Qxd6 16. f4 Rac8 17. Na4 Nb4 18. Nac5 Nxd3 1/2-1/2

[Event "SR 1. liga zapad 2010/2011"]
[Site "?"]
[Date "2011.01.09"]
[Round "5.5"]
[White "Pinter, Erik"]
[Black "Rohacek, Miroslav"]
[Result "1-0"]
[WhiteElo "2379"]
[BlackElo "2277"]
[PlyCount "79"]
[EventDate "2010.??.??"]

1. e4 c5 2. Nf3 d6 3. d4 cxd4 4. Nxd4 Nf6 5. Nc3 a6 6. a4 e5 7. Nf3 Qc7 8. g3
Be7 9. Bg2 O-O 10. O-O h6 11. Nh4 Bg4 12. Qd2 Nc6 13. h3 Be6 14. Nf5 Rac8 15.
g4 Bxf5 16. exf5 Nb4 17. Nb5 Qxc2 18. Qxb4 axb5 19. Qxb5 d5 20. Be3 Qc7 21.
Bxd5 Nxd5 22. Qxd5 Rfd8 23. Qe4 Bg5 24. Rfc1 Qd7 25. Rxc8 Rxc8 26. Bxg5 hxg5
27. Qxe5 Qd2 28. Re1 Rc2 29. Qe3 Qxe3 30. Rxe3 Rxb2 31. Re8+ Kh7 32. Re5 Kg8
33. Rb5 Rxb5 34. axb5 Kf8 35. Kg2 Ke7 36. f4 gxf4 37. Kf3 Kd6 38. Kxf4 Kc5 39.
h4 Kxb5 40. f6 1-0

[Event "SR 1. liga zapad 2010/2011"]
[Site "?"]
[Date "2011.01.09"]
[Round "5.5"]
[White "Schwarz, Dusan"]
[Black "Machalova, Veronika"]
[Result "1-0"]
[WhiteElo "2294"]
[BlackElo "2233"]
[PlyCount "95"]
[EventDate "2010.??.??"]

1. d4 Nf6 2. c4 e6 3. Nc3 Bb4 4. a3 Bxc3+ 5. bxc3 O-O 6. e3 c5 7. Bd3 Qc7 8.
Ne2 d6 9. O-O e5 10. e4 Re8 11. d5 Bg4 12. f3 Bh5 13. g4 Bg6 14. Ng3 Qe7 15.
Ra2 Nfd7 16. Rg2 Kh8 17. g5 f6 18. h4 Qf7 19. f4 exf4 20. Bxf4 Ne5 21. Bxe5
Rxe5 22. h5 Rxg5 23. hxg6 hxg6 24. Rf4 Kg8 25. Rg4 Rxg4 26. Qxg4 Nd7 27. Be2
Re8 28. Qh3 Qe7 29. Rh2 Ne5 30. Bg4 Nxg4 31. Qxg4 Kf7 32. Rh7 Rg8 33. Ne2 Qe5
34. Qd7+ Qe7 35. Qxe7+ Kxe7 36. Nf4 g5 37. Ne6 Kf7 38. Kf2 Kg6 39. Rh1 Rb8 40.
a4 b6 41. Kf3 Re8 42. Rh2 Rc8 43. e5 fxe5 44. Rg2 Kf6 45. Nxg5 Rd8 46. Ne4+ Kf7
47. Kg4 Kg6 48. Rf2 1-0

[Event "SR 1. liga zapad 2010/2011"]
[Site "?"]
[Date "2011.01.09"]
[Round "5.5"]
[White "Vlcek, Stanislav"]
[Black "Machalova, Erika"]
[Result "1-0"]
[WhiteElo "2257"]
[BlackElo "2131"]
[PlyCount "55"]
[EventDate "2010.??.??"]

1. e4 c5 2. Nf3 d6 3. d4 cxd4 4. Nxd4 Nf6 5. Nc3 a6 6. f4 e6 7. Qf3 Qc7 8. g4
b5 9. g5 Nfd7 10. Be3 Bb7 11. O-O-O Nc5 12. a3 Nbd7 13. Kb1 Nb6 14. Bd3 Nba4
15. Nce2 Be7 16. f5 e5 17. Nb3 Bd8 18. h4 Rb8 19. Bd2 Bc6 20. Ng3 Nb7 21. Nh5
Rg8 22. f6 g6 23. Ng7+ Kf8 24. h5 Rxg7 25. fxg7+ Kxg7 26. hxg6 fxg6 27. Rxh7+
Kxh7 28. Qf8 1-0

[Event "SR 1. liga zapad 2010/2011"]
[Site "?"]
[Date "2011.01.09"]
[Round "5.6"]
[White "Bezuch, Martin"]
[Black "Sosovicka, Juraj"]
[Result "1/2-1/2"]
[WhiteElo "2198"]
[BlackElo "2159"]
[PlyCount "95"]
[EventDate "2010.??.??"]

1. e4 e5 2. Nf3 Nc6 3. Bc4 Bc5 4. c3 Nf6 5. d3 d6 6. Bb3 a6 7. O-O O-O 8. Re1
Ba7 9. Nbd2 Ne7 10. Nf1 Ng6 11. Ng3 c6 12. a4 Be6 13. Bc2 Re8 14. h3 h6 15. a5
Qc7 16. Nh2 d5 17. Nf5 Qd7 18. Ng4 Nxg4 19. Qxg4 Kh7 20. Qh5 Nf4 21. Bxf4 exf4
22. d4 Bxf5 23. Qxf5+ Qxf5 24. exf5 Kg8 25. b4 Kf8 26. h4 Rxe1+ 27. Rxe1 Re8
28. Rxe8+ Kxe8 29. f6 g6 30. h5 gxh5 31. Kh2 Kd8 32. Bd3 Kd7 33. Kh3 Ke6 34.
Kh4 Kxf6 35. Kxh5 Kg7 36. Kg4 Kf6 37. Kh5 Kg7 38. Bf5 b6 39. Bd3 bxa5 40. bxa5
Bb8 41. Bxa6 Bc7 42. Bb7 Bxa5 43. Bxc6 Bxc3 44. Bxd5 Bxd4 45. f3 Be5 46. Be4
Bf6 47. Kg4 Bg5 48. Kf5 1/2-1/2

[Event "SR 1. liga zapad 2010/2011"]
[Site "?"]
[Date "2011.01.09"]
[Round "5.6"]
[White "Djubek, Boris"]
[Black "Sturc, Gustav"]
[Result "0-1"]
[WhiteElo "2175"]
[BlackElo "2031"]
[PlyCount "52"]
[EventDate "2010.??.??"]

1. d4 d5 2. c4 dxc4 3. Nf3 Nd7 4. e3 Nb6 5. Na3 g6 6. Nxc4 Bg7 7. Nxb6 axb6 8.
Bc4 e6 9. O-O Nf6 10. Bd2 O-O 11. Bb4 Re8 12. Rc1 Bd7 13. Ne5 Nd5 14. Bd2 c5
15. Nxd7 Qxd7 16. Qb3 Qd6 17. e4 Ne7 18. d5 exd5 19. exd5 Nf5 20. Rfe1 Nd4 21.
Qd3 Be5 22. g3 b5 23. Bxb5 Qxd5 24. Qe4 Qxe4 25. Rxe4 Nxb5 26. Rxc5 Nd4 0-1

[Event "SR 1. liga zapad 2010/2011"]
[Site "?"]
[Date "2011.01.09"]
[Round "5.6"]
[White "Havlicek, Libor"]
[Black "Turna, Stefan"]
[Result "1-0"]
[WhiteElo "2330"]
[BlackElo "2245"]
[PlyCount "87"]
[EventDate "2010.??.??"]

1. d4 Nf6 2. Nf3 c5 3. c4 cxd4 4. Nxd4 Nc6 5. Nc3 g6 6. g3 Bg7 7. Bg2 O-O 8.
O-O Nxd4 9. Qxd4 d6 10. Qd3 Nd7 11. Nd5 Nc5 12. Qa3 Bg4 13. Re1 Qd7 14. Bg5 f6
15. Be3 Rfc8 16. b4 Na6 17. Bxa7 Rxa7 18. Nb6 Qc7 19. Nxc8 Qxc8 20. Qe3 Qb8 21.
Qxe7 b5 22. Qe4 Bd7 23. cxb5 Qxb5 24. Qd4 Qb8 25. Red1 Ba4 26. Rdc1 Rc7 27.
Rxc7 Nxc7 28. Qxd6 Bf8 29. Qf4 Qb6 30. Rc1 Ne8 31. a3 Bd6 32. Bd5+ Kg7 33. Qe4
Be5 34. Bc6 Nd6 35. Qd5 Qa7 36. Bxa4 Qxa4 37. Rc7+ Kh6 38. h4 Qxa3 39. Qd2+ Kh5
40. Rxh7+ Kg4 41. Kg2 Qb3 42. f3+ Kf5 43. Re7 Qc4 44. g4+ 1-0

[Event "SR 1. liga zapad 2010/2011"]
[Site "?"]
[Date "2011.01.09"]
[Round "5.6"]
[White "Janos, Ivan"]
[Black "Ac, Michal"]
[Result "1-0"]
[WhiteElo "2152"]
[BlackElo "2177"]
[PlyCount "83"]
[EventDate "2010.??.??"]

1. e4 e5 2. Nf3 d6 3. Bc4 Be6 4. Bxe6 fxe6 5. d4 exd4 6. Nxd4 Qd7 7. Nc3 Nf6 8.
h3 Be7 9. g4 c5 10. Nb3 O-O 11. g5 Ne8 12. h4 c4 13. Nd4 Nc6 14. Be3 Nc7 15.
Qg4 b5 16. f4 Nxd4 17. Bxd4 Qc6 18. O-O-O b4 19. f5 e5 20. f6 bxc3 21. Bxc3
Bxf6 22. gxf6 Rxf6 23. Rdf1 Rxf1+ 24. Rxf1 Qe8 25. h5 Qe7 26. h6 g6 27. Qe2 Qe6
28. Qf2 Nb5 29. Bd2 Qe7 30. a4 Nd4 31. Bb4 Rd8 32. Kb1 Ne6 33. Qe2 Rc8 34. Qg4
Rb8 35. Bd2 Nc5 36. Qe2 Qe6 37. a5 Na4 38. Qf2 Rxb2+ 39. Kc1 Qe7 40. Qe2 d5 41.
Qg4 Rb8 42. Bb4 1-0

[Event "SR 1. liga zapad 2010/2011"]
[Site "?"]
[Date "2011.01.09"]
[Round "5.6"]
[White "Kubala, Jan"]
[Black "Kujovic, Michal"]
[Result "0-1"]
[WhiteElo "2230"]
[BlackElo "2344"]
[PlyCount "146"]
[EventDate "2010.??.??"]

1. e4 Nf6 2. e5 Nd5 3. d4 d6 4. Nf3 Bg4 5. Be2 e6 6. O-O Be7 7. c4 Nb6 8. Nc3
O-O 9. h3 Bh5 10. Be3 Nc6 11. exd6 cxd6 12. b3 d5 13. c5 Nd7 14. b4 a6 15. Rb1
f5 16. b5 axb5 17. Rxb5 f4 18. Bc1 Bf6 19. Rxb7 Bxf3 20. Bxf3 Nxd4 21. Nxd5
exd5 22. Bxd5+ Kh8 23. Rb4 Ra7 24. Bxf4 Nxc5 25. Rxd4 Rd7 26. Rc4 Rxd5 27. Qc2
Bd4 28. Bg3 Qf6 29. Kh2 Rf5 30. a4 h5 31. f3 Be5 32. Bxe5 Qxe5+ 33. Kh1 Ne6 34.
Re4 Qf6 35. Qc6 Nf4 36. Qxf6 R8xf6 37. Rb1 Rc5 38. Rb2 Rc1+ 39. Kh2 Ra1 40. Kg3
Ng6 41. h4 Kh7 42. Rb5 Kh6 43. Rbb4 Ra2 44. Kh3 Rc6 45. Rec4 Rxc4 46. Rxc4 Ne5
47. Re4 Nd3 48. Rd4 Nc5 49. Rd6+ g6 50. Rc6 Nxa4 51. g4 Ra3 52. Kg3 hxg4 53.
Kxg4 Rc3 54. Ra6 Nc5 55. Rc6 Ne4 56. Re6 Nf2+ 57. Kg3 Nd1 58. Kf4 Kh5 59. Re8
Kh6 60. Re6 Ra3 61. Re1 Nc3 62. Re5 Ra4+ 63. Kg3 Rd4 64. f4 Rd5 65. Re3 Nb5 66.
Kg4 Nd6 67. Re5 Rxe5 68. fxe5 Ne8 69. e6 Nf6+ 70. Kf4 Kh5 71. Kg3 Ng8 72. Kh3
Ne7 73. Kg3 Nd5 0-1

[Event "SR 1. liga zapad 2010/2011"]
[Site "?"]
[Date "2011.01.09"]
[Round "5.6"]
[White "Peitl, Tomas"]
[Black "Ruckschloss, Karol"]
[Result "1-0"]
[WhiteElo "2186"]
[BlackElo "2271"]
[PlyCount "79"]
[EventDate "2010.??.??"]

1. e4 e6 2. d4 d5 3. Nd2 Nf6 4. e5 Nfd7 5. Bd3 c5 6. c3 Nc6 7. Ne2 c4 8. Bb1 b5
9. O-O Nb6 10. f4 g6 11. Nf3 b4 12. Qc2 a5 13. Ng5 a4 14. a3 bxa3 15. bxa3 Na5
16. Ra2 Nb3 17. Be3 Ra7 18. g4 Be7 19. h4 f5 20. exf6 Bxf6 21. Ng3 Rg7 22. f5
exf5 23. gxf5 O-O 24. fxg6 hxg6 25. Qg2 Be7 26. Ne2 Rxf1+ 27. Qxf1 Qe8 28. Qf3
Qc6 29. Nf4 Bxg5 30. hxg5 Rf7 31. Qh1 Rh7 32. Rh2 Rxh2 33. Qxh2 Qe8 34. Kf2 Bf5
35. Bxf5 gxf5 36. Qh6 Nd7 37. Nxd5 Qe4 38. g6 Qc2+ 39. Kg3 f4+ 40. Kxf4 1-0

[Event "SR 1. liga zapad 2010/2011"]
[Site "?"]
[Date "2011.01.09"]
[Round "5.6"]
[White "Petran, Peter"]
[Black "Castiglione, Mario"]
[Result "1/2-1/2"]
[WhiteElo "2330"]
[BlackElo "2288"]
[PlyCount "70"]
[EventDate "2010.??.??"]

1. c4 e5 2. Nc3 Nf6 3. g3 c6 4. d4 exd4 5. Qxd4 d5 6. cxd5 cxd5 7. Bg2 Nc6 8.
Qd1 d4 9. Nb1 Bf5 10. Nf3 Bc5 11. O-O O-O 12. Bg5 h6 13. Bxf6 Qxf6 14. Nbd2
Rfe8 15. Nb3 Bb6 16. Nbd2 Rad8 17. a3 Qe7 18. Re1 Ne5 19. Nxe5 Qxe5 20. Nc4 Qb5
21. Nxb6 Qxb6 22. Qd2 Be4 23. Bf1 Bc6 24. b4 Qb5 25. Bg2 Bxg2 26. Kxg2 Re5 27.
Rad1 Rde8 28. Qxd4 Rxe2 29. Rxe2 Rxe2 30. Qxa7 Qc6+ 31. Kg1 Qf3 32. Ra1 h5 33.
Qd4 Re4 34. Qd1 Re2 35. Qd4 Re4 1/2-1/2

[Event "SR 1. liga zapad 2010/2011"]
[Site "?"]
[Date "2011.01.09"]
[Round "5.6"]
[White "Sulek, Viliam"]
[Black "Valent, Ivan"]
[Result "1/2-1/2"]
[WhiteElo "2144"]
[BlackElo "2235"]
[PlyCount "33"]
[EventDate "2010.??.??"]

1. e4 c5 2. Nf3 Nc6 3. d4 cxd4 4. Nxd4 e5 5. Nb5 d6 6. c4 Be6 7. N1c3 a6 8. Na3
Rc8 9. Bd3 Be7 10. O-O Nf6 11. Bd2 O-O 12. Nc2 Nd7 13. Rc1 Nc5 14. Be2 a5 15.
Be3 Kh8 16. b3 Nb4 17. Bxc5 1/2-1/2

[Event "SR 1. liga zapad 2010/2011"]
[Site "?"]
[Date "2011.02.12"]
[Round "6.1"]
[White "Bombek, Peter"]
[Black "Pagerka, Martin"]
[Result "0-1"]
[WhiteElo "2228"]
[BlackElo "2260"]
[PlyCount "90"]
[EventDate "2010.??.??"]

1. d4 Nf6 2. Nf3 e6 3. e3 c5 4. c4 b6 5. Nc3 Bb7 6. Bd3 Be7 7. O-O O-O 8. b3
cxd4 9. exd4 d5 10. Be3 Nc6 11. h3 Rc8 12. Qe2 Nb4 13. Ne5 Nd7 14. f4 f6 15.
Nxd7 Qxd7 16. Rad1 Ba6 17. Nb5 Nxd3 18. Qxd3 dxc4 19. bxc4 Rxc4 20. Qxc4 Bxb5
21. Qb3 Bxf1 22. Rxf1 Qd5 23. Qxd5 exd5 24. Rc1 Bd6 25. f5 Kf7 26. Kf2 Re8 27.
Kf3 Ke7 28. g4 Kd7 29. h4 Rc8 30. Rxc8 Kxc8 31. g5 b5 32. Kg4 Bf8 33. g6 h6 34.
Kf3 Kb7 35. Ke2 Kb6 36. Bd2 b4 37. Kd3 Kb5 38. h5 a5 39. Be3 Ka4 40. Kc2 Ka3
41. Kb1 b3 42. Bd2 bxa2+ 43. Ka1 Bb4 44. Bc1+ Kb3 45. Bd2 Bc3+ 0-1

[Event "SR 1. liga zapad 2010/2011"]
[Site "?"]
[Date "2011.02.12"]
[Round "6.1"]
[White "Cajka, Tibor"]
[Black "Janco, Darius"]
[Result "1/2-1/2"]
[WhiteElo "2104"]
[BlackElo "2083"]
[PlyCount "107"]
[EventDate "2010.??.??"]

1. e4 c5 2. Nf3 d6 3. d4 cxd4 4. Nxd4 Nf6 5. Nc3 a6 6. Be3 e5 7. Nb3 Be6 8. f3
Qc7 9. Qd2 b5 10. g4 Nbd7 11. g5 b4 12. Nd5 Nxd5 13. exd5 Bf5 14. Bd3 Bxd3 15.
Qxd3 a5 16. O-O-O Be7 17. Kb1 O-O 18. Nd2 a4 19. Rhg1 Rfc8 20. Rg4 Qa5 21. Rh4
g6 22. Rc4 Rcb8 23. Ne4 Rb5 24. Rc6 Ra6 25. h4 Nf8 26. Rc8 Rb7 27. h5 b3 28.
cxb3 axb3 29. a3 Ra8 30. Rc6 Rd8 31. f4 exf4 32. Bxf4 Rb6 33. Qd4 Rxc6 34. h6
f6 35. dxc6 Qf5 36. Qd5+ Qxd5 37. Rxd5 fxg5 38. Nxg5 Re8 39. Ne4 Rc8 40. Bxd6
Kf7 41. c7 Ne6 42. Be5 Ke8 43. Rd3 Nxc7 44. Rxb3 Ne6 45. Rb7 Nc5 46. Nxc5 Rxc5
47. Bc3 Rh5 48. Bd2 g5 49. a4 g4 50. Bf4 Rh3 51. Rc7 Rf3 52. Be5 Re3 53. Bf4
Re4 54. Bg3 1/2-1/2

[Event "SR 1. liga zapad 2010/2011"]
[Site "?"]
[Date "2011.02.12"]
[Round "6.1"]
[White "Gasa, Andrej"]
[Black "Borik, Juraj"]
[Result "1/2-1/2"]
[WhiteElo "2256"]
[BlackElo "2206"]
[PlyCount "103"]
[EventDate "2010.??.??"]

1. e4 e5 2. Nf3 Nf6 3. Nxe5 d6 4. Nf3 Nxe4 5. d4 Be7 6. Bd3 d5 7. O-O O-O 8. c4
c6 9. Nc3 Nf6 10. Ne5 Nbd7 11. cxd5 Nxd5 12. Nxd5 cxd5 13. Qf3 Nxe5 14. dxe5
Be6 15. Be3 Rc8 16. a3 a6 17. Rad1 Qd7 18. h3 b5 19. Bb1 Qc7 20. Qg3 f5 21. Rc1
Qd7 22. Bh6 Bc5 23. Ba2 Kh8 24. Bd2 Qf7 25. Qf4 Rg8 26. h4 Qh5 27. Rc3 Be7 28.
Rh3 Qf7 29. Rg3 Qh5 30. Rh3 Qf7 31. Qd4 Bc5 32. Qd3 Rcd8 33. Rc1 Ba7 34. Rc6
Bc8 35. Bg5 Bb7 36. e6 Qe8 37. Rc7 Qxe6 38. Re7 Qb6 39. Rf3 Rde8 40. Qxf5 Rxe7
41. Bxe7 Qg6 42. Bxd5 Bxd5 43. Qxd5 h6 44. Qf5 Qb6 45. Bb4 a5 46. Bc3 b4 47.
axb4 axb4 48. Be5 Bb8 49. Rg3 Qa7 50. h5 Re8 51. Bxb8 Qxb8 52. Re3 1/2-1/2

[Event "SR 1. liga zapad 2010/2011"]
[Site "?"]
[Date "2011.02.12"]
[Round "6.1"]
[White "Meszaros, Michal"]
[Black "Srvatka, Igor"]
[Result "1-0"]
[WhiteElo "2409"]
[BlackElo "2205"]
[PlyCount "52"]
[EventDate "2010.??.??"]

1. d4 Nf6 2. c4 e6 3. Nc3 Bb4 4. f3 c5 5. d5 Nh5 6. g3 f5 7. Nh3 O-O 8. Bg2 e5
9. Bd2 d6 10. e3 Bxc3 11. Bxc3 f4 12. exf4 exf4 13. g4 Qh4+ 14. Kf1 Bxg4 15.
Be1 Bxf3 16. Qxf3 Qf6 17. Qxh5 Qxb2 18. Be4 h6 19. Rb1 Qd4 20. Qe2 Nd7 21. Qd3
Qf6 22. Bc3 Ne5 23. Bxe5 Qxe5 24. Nf2 f3 25. Rg1 Qxh2 26. Rxb7 Qg2+ 1-0

[Event "SR 1. liga zapad 2010/2011"]
[Site "?"]
[Date "2011.02.12"]
[Round "6.1"]
[White "Motuz, Karol"]
[Black "Likavsky, Tomas"]
[Result "0-1"]
[WhiteElo "2245"]
[BlackElo "2466"]
[PlyCount "56"]
[EventDate "2010.??.??"]

1. e4 c5 2. c3 d5 3. exd5 Qxd5 4. d4 Nf6 5. Nf3 e6 6. Be2 Nc6 7. O-O Be7 8. c4
Qd7 9. Ne5 Qxd4 10. Nxc6 Qxd1 11. Rxd1 bxc6 12. Bf3 Bb7 13. Be3 Nd7 14. Nc3
O-O-O 15. Ne4 Rhf8 16. b3 f5 17. Ng5 f4 18. Nxe6 fxe3 19. fxe3 Bf6 20. Rac1
Rde8 21. Bg4 Ne5 22. Bh3 Rxe6 23. Bxe6+ Kc7 24. Rc2 Bg5 25. Re2 Re8 26. Bh3 a5
27. a4 Ba6 28. Kf2 Rb8 0-1

[Event "SR 1. liga zapad 2010/2011"]
[Site "?"]
[Date "2011.02.12"]
[Round "6.1"]
[White "Polasek, Filip"]
[Black "Podoba, Milan"]
[Result "1-0"]
[WhiteElo "2104"]
[BlackElo "2167"]
[PlyCount "93"]
[EventDate "2010.??.??"]

1. e4 e6 2. d4 d5 3. e5 c5 4. c3 Qb6 5. a3 Nc6 6. Nf3 f6 7. b4 fxe5 8. dxc5 Qc7
9. Bb5 Bd7 10. Qe2 e4 11. Nd4 Nxd4 12. Bxd7+ Qxd7 13. cxd4 Be7 14. Nc3 a6 15.
Bf4 Bf6 16. Rd1 Ne7 17. O-O O-O 18. Bd6 Rf7 19. Bxe7 Bxe7 20. f3 exf3 21. Rxf3
Rxf3 22. Qxf3 Rf8 23. Qg4 Bf6 24. Ne2 Qf7 25. Nf4 Bg5 26. Qxg5 Qxf4 27. Qxf4
Rxf4 28. a4 Rf7 29. Rf1 Rc7 30. Rf3 g6 31. Kf2 Kg7 32. Ke3 Rc6 33. Kd3 Rc7 34.
Rf2 Rc6 35. b5 Rc7 36. a5 e5 37. dxe5 Rxc5 38. Kd4 Rc7 39. bxa6 bxa6 40. Kxd5
Rb7 41. e6 Rb1 42. e7 Re1 43. Kd6 Re3 44. Kd7 Rd3+ 45. Ke8 Rd6 46. Rb2 Rd5 47.
Rb6 1-0

[Event "SR 1. liga zapad 2010/2011"]
[Site "?"]
[Date "2011.02.12"]
[Round "6.1"]
[White "Veres, Andrej"]
[Black "Bury, Rastislav"]
[Result "1-0"]
[WhiteElo "2168"]
[BlackElo "2183"]
[PlyCount "37"]
[EventDate "2010.??.??"]

1. d4 d5 2. c4 e6 3. Nc3 Nf6 4. Bg5 c6 5. e4 dxe4 6. Nxe4 Nbd7 7. Bd3 Be7 8.
Nxf6+ Bxf6 9. Bxf6 Qxf6 10. Nf3 O-O 11. O-O c5 12. Bc2 Rd8 13. Qd3 Nf8 14. Rad1
Bd7 15. Qe3 Bc6 16. Ne5 cxd4 17. Rxd4 Rxd4 18. Qxd4 Nd7 19. Nxc6 1-0

[Event "SR 1. liga zapad 2010/2011"]
[Site "?"]
[Date "2011.02.12"]
[Round "6.2"]
[White "Detko, Jan"]
[Black "Miklas, Marian"]
[Result "1-0"]
[WhiteElo "2144"]
[BlackElo "2139"]
[PlyCount "67"]
[EventDate "2010.??.??"]

1. e4 c5 2. Nc3 Nc6 3. f4 e6 4. Nf3 d5 5. Bb5 Nge7 6. Qe2 d4 7. Nd1 a6 8. Bxc6+
Nxc6 9. d3 Be7 10. O-O O-O 11. g4 f5 12. g5 Bd7 13. Nf2 Qc7 14. e5 Rfd8 15. Bd2
Be8 16. a3 Bh5 17. Kg2 c4 18. Nh1 cxd3 19. cxd3 Na5 20. Rac1 Qb6 21. Bxa5 Qxa5
22. Ng3 Be8 23. h4 Rac8 24. Rxc8 Rxc8 25. Nxd4 Qd5+ 26. Nf3 Ba4 27. Qe3 Bb5 28.
Qd4 Bxd3 29. Qxd5 Bxf1+ 30. Kxf1 exd5 31. Nxf5 Bc5 32. Ke2 Rf8 33. Ne3 Rxf4 34.
Nxd5 1-0

[Event "SR 1. liga zapad 2010/2011"]
[Site "?"]
[Date "2011.02.12"]
[Round "6.2"]
[White "Dobrotka, Martin"]
[Black "Drtina, Milan"]
[Result "1/2-1/2"]
[WhiteElo "2238"]
[BlackElo "2247"]
[PlyCount "92"]
[EventDate "2010.??.??"]

1. d4 Nf6 2. c4 g6 3. Nf3 Bg7 4. Nc3 d6 5. g3 O-O 6. Bg2 Nbd7 7. O-O c6 8. Qc2
Qc7 9. h3 Re8 10. Rd1 e5 11. d5 c5 12. a4 b6 13. e4 Nf8 14. a5 a6 15. Bd2 Rb8
16. axb6 Qxb6 17. Rdb1 Re7 18. Ne1 Ne8 19. Nd3 Qb3 20. Qxb3 Rxb3 21. Ra3 Rxa3
22. bxa3 Rb7 23. Rxb7 Bxb7 24. Bf3 Bc8 25. Kg2 f5 26. Nb2 h6 27. Nba4 Bd7 28.
Nb6 Nf6 29. Bd1 fxe4 30. Ba4 Bxa4 31. Ncxa4 N8d7 32. Nxd7 Nxd7 33. Kf1 Kf7 34.
Ke2 h5 35. Bg5 Bf6 36. h4 Bxg5 37. hxg5 Nf8 38. Nc3 Ke7 39. Nxe4 Nd7 40. Kd3
Nb6 41. Kc3 a5 42. Kb3 a4+ 43. Kc3 Nd7 44. Kd3 Nb6 45. Nc3 Kd7 46. Ne4 Ke7
1/2-1/2

[Event "SR 1. liga zapad 2010/2011"]
[Site "?"]
[Date "2011.02.12"]
[Round "6.2"]
[White "Doucha, Ludvik"]
[Black "Reisel, Frantisek"]
[Result "1/2-1/2"]
[WhiteElo "2099"]
[BlackElo "2079"]
[PlyCount "60"]
[EventDate "2010.??.??"]

1. e4 c6 2. d4 d5 3. Nd2 dxe4 4. Nxe4 Nd7 5. Bc4 Ngf6 6. Ng5 e6 7. Qe2 Nb6 8.
Bb3 h6 9. N5f3 Nbd5 10. Bd2 Be7 11. Ne5 Bd7 12. Ngf3 Qc7 13. c4 Nb4 14. a3 Na6
15. Rc1 Rd8 16. O-O O-O 17. Rfd1 c5 18. dxc5 Nxc5 19. Bc2 Ba4 20. Bxa4 Nxa4 21.
b4 Nb6 22. h3 Nbd7 23. Bf4 Nxe5 24. Bxe5 Qc6 25. c5 Rxd1+ 26. Rxd1 Rd8 27.
Rxd8+ Bxd8 28. Qc4 a6 29. Bd6 Qd5 30. Qxd5 Nxd5 1/2-1/2

[Event "SR 1. liga zapad 2010/2011"]
[Site "?"]
[Date "2011.02.12"]
[Round "6.2"]
[White "Hanko, Pavol"]
[Black "Nicolini, Alexander"]
[Result "1/2-1/2"]
[WhiteElo "2179"]
[BlackElo "2152"]
[PlyCount "68"]
[EventDate "2010.??.??"]

1. d4 f5 2. Nf3 Nf6 3. g3 g6 4. Bg2 Bg7 5. O-O O-O 6. c4 d6 7. Nc3 Qe8 8. d5 c5
9. Ng5 h6 10. Ne6 Bxe6 11. dxe6 Nc6 12. e4 fxe4 13. Nxe4 Rb8 14. Be3 Kh7 15. h4
a6 16. Qc2 Nd4 17. Bxd4 cxd4 18. Nxf6+ Rxf6 19. h5 Kh8 20. hxg6 Qxg6 21. Be4
Qg4 22. Bd5 Rf5 23. Kg2 b5 24. f3 Qg5 25. f4 Qf6 26. b3 d3 27. Qxd3 Qb2+ 28.
Kf3 Rbf8 29. Rab1 Qh2 30. Ke4 Qg2+ 31. Qf3 Qc2+ 32. Qd3 Qg2+ 33. Qf3 Qc2+ 34.
Qd3 Qg2+ 1/2-1/2

[Event "SR 1. liga zapad 2010/2011"]
[Site "?"]
[Date "2011.02.12"]
[Round "6.2"]
[White "Lanc, Alois"]
[Black "Csiba, Dominik"]
[Result "1-0"]
[WhiteElo "2399"]
[BlackElo "2378"]
[PlyCount "53"]
[EventDate "2010.??.??"]

1. e4 c5 2. Nf3 d6 3. d4 cxd4 4. Nxd4 Nf6 5. Nc3 a6 6. f4 e5 7. Nf3 Nbd7 8. Bd3
Be7 9. O-O O-O 10. Kh1 b5 11. Qe1 Bb7 12. a3 Rc8 13. Bd2 Qc7 14. Nh4 g6 15. f5
Nh5 16. Bh6 Rfe8 17. a4 b4 18. Nd5 Bxd5 19. exd5 Qd8 20. fxg6 fxg6 21. Nxg6
hxg6 22. Qe4 Nf8 23. Rxf8+ Bxf8 24. Qxg6+ Bg7 25. Bxg7 Nf4 26. Qh7+ Kf7 27.
Bh6+ 1-0

[Event "SR 1. liga zapad 2010/2011"]
[Site "?"]
[Date "2011.02.12"]
[Round "6.2"]
[White "Lukac, Roman"]
[Black "Kaniansky, Miroslav"]
[Result "1/2-1/2"]
[WhiteElo "2163"]
[BlackElo "2185"]
[PlyCount "129"]
[EventDate "2010.??.??"]

1. e4 e5 2. Nf3 Nc6 3. Bb5 a6 4. Ba4 Nf6 5. O-O Be7 6. Re1 b5 7. Bb3 d6 8. c3
O-O 9. h3 Nb8 10. d4 Nbd7 11. Nbd2 Bb7 12. Bc2 Re8 13. Nf1 Bf8 14. Ng3 g6 15.
Bg5 h6 16. Bd2 Bg7 17. a4 exd4 18. cxd4 c5 19. d5 Ne5 20. Nxe5 dxe5 21. b3 c4
22. Qe2 cxb3 23. Bxb3 Qd7 24. Rec1 Rec8 25. Rxc8+ Rxc8 26. axb5 axb5 27. Ra5
Ra8 28. Qxb5 Rxa5 29. Qxa5 Bf8 30. Bb4 Bxb4 31. Qxb4 h5 32. Qb6 Kg7 33. Qe3 Nh7
34. Qc3 f6 35. Nf1 Ng5 36. Nd2 Nf7 37. Qc5 Nd6 38. Bc2 Ba6 39. Kh2 Bb5 40. g3
Kf7 41. Kg2 Kg7 42. Qc3 Nf7 43. f4 Qd6 44. fxe5 Nxe5 45. Nf3 Nd7 46. Nd4 Ba6
47. Ne6+ Kh7 48. Qc7 Qxc7 49. Nxc7 Bb7 50. Kf3 Kg7 51. Kf4 Kf7 52. h4 Ne5 53.
Ne6 Ke7 54. Nc5 Bc8 55. Nd3 g5+ 56. hxg5 Ng6+ 57. Ke3 fxg5 58. e5 h4 59. gxh4
gxh4 60. Kd4 Bf5 61. d6+ Kd8 62. e6 Bxe6 63. Nc5 Nf8 64. Ke5 Nd7+ 65. Nxd7
1/2-1/2

[Event "SR 1. liga zapad 2010/2011"]
[Site "?"]
[Date "2011.02.12"]
[Round "6.2"]
[White "Michalik, Peter"]
[Black "Petrik, Tomas"]
[Result "1/2-1/2"]
[WhiteElo "2471"]
[BlackElo "2536"]
[PlyCount "77"]
[EventDate "2010.??.??"]

1. d4 e6 2. c4 Nf6 3. Nf3 c5 4. d5 exd5 5. cxd5 d6 6. Nc3 g6 7. g3 Bg7 8. Bg2
O-O 9. O-O a6 10. a4 Nbd7 11. Nd2 Re8 12. Nce4 Nxe4 13. Nxe4 Qc7 14. Bf4 Ne5
15. Bg5 Nd7 16. b4 f5 17. Nxc5 dxc5 18. d6 Qb6 19. Qd5+ Kh8 20. Be7 Nf6 21. Qf7
Rxe7 22. dxe7 Be6 23. bxc5 Qb3 24. e8=Q+ Rxe8 25. Qxb7 Ne4 26. Rab1 Qxa4 27.
Rb4 Qa2 28. Bxe4 fxe4 29. Rxe4 Rf8 30. c6 Qd5 31. Rxe6 Qxe6 32. c7 Bd4 33. Rc1
Bxf2+ 34. Kg2 Qxe2 35. c8=Q Be1+ 36. Kh3 Qh5+ 37. Kg2 Qe2+ 38. Kh3 Qh5+ 39. Kg2
1/2-1/2

[Event "SR 1. liga zapad 2010/2011"]
[Site "?"]
[Date "2011.02.12"]
[Round "6.2"]
[White "Szitkey, Milan"]
[Black "Lakatos, Vladimir"]
[Result "1/2-1/2"]
[WhiteElo "2152"]
[BlackElo "2162"]
[PlyCount "60"]
[EventDate "2010.??.??"]

1. e4 c5 2. c3 d5 3. exd5 Qxd5 4. d4 Nf6 5. Nf3 e6 6. Nbd2 cxd4 7. cxd4 Nc6 8.
Bc4 Qd8 9. Nb3 Bb4+ 10. Bd2 O-O 11. O-O a6 12. Rc1 Bxd2 13. Qxd2 Qd6 14. Rfd1
Ne7 15. Bd3 b6 16. Qg5 Ned5 17. Ne5 Bb7 18. Nd2 h6 19. Qh4 Rac8 20. Ne4 Qe7 21.
Nc4 Nxe4 22. Qxe4 Nf6 23. Qe5 b5 24. Nd6 Rxc1 25. Rxc1 Bd5 26. a3 Ng4 27. Qg3
f5 28. h3 Nf6 29. Nc8 Qd8 30. Qc7 Qxc7 1/2-1/2